01016nam a2200289 a 4500001000200000003000400002005001700006008004100023040002600064082003000090100003300120245005000153250001100203260004200214300002100256504007000277590002600347650006500373650002700438650002400465650002400489650002100513910001500534942001200549952014800561999001700709 OSt20211108083440.0091019t1994 dr r 000 e spa d aDO-SdBNPbspacBPMSU  aRD868.44bB742t, 19942221 a Bosch, Juan, d1909-20019110aTextos culturales y literarios /cJuan Bosch. a3a ed. aSanto Domingo :bAlfa & Omega,c1994. a268 p. ;c21 cm. aIncluye referencias bibliográficas y notas al pie de páginas. 6Inventariado, 2021/VM 4aCulturazRepública DominicanaxEnsayos, conferencias, etc. 4aLiteratura dominicana. 4aCuentos dominicanos 4aPoesía dominicana 4aProsa dominicana a VMateo V. 2ddccBK 00102ddc40708CDaBPMETbBPMETd2021-11-08eFundación Juan Bosch oBPMSU CD RD868.44 B742t 1994pBPMSU21110046r2021-11-08w2021-11-08yBK c13848d13848